00346nam a2200109Ia 4500008004100000020001800041040002900059050002400088100001900112245006700131260003800198221021s9999||||xx |||||||||||||| ||und|| a0-471-53118-9 cChuka University Library aHF 5667 b.O74 2004 aO'Regan, David 0aAuditors dictionary: terms concepts, processer and regulations aHobokanbJohn wiley and sonc2004